000
00351 a2200169 4500
001
191514
020
_a
978-85-16-08576-6
040
_c
Magnum
100
_a
Carrasco, Walcyr
240
1
0
_a
O selvagem
_l
por
245
1
0
_a
O selvagem
300
_a
63
362
0
_a
2013
440
1
_a
Moderna
697
_a
LITERATURA INFANTO-JUVENIL
942
_c
BK
999
_c
191514
_d
191514